Statistics for City to Country Quiz #3

Click here to take the quiz!

General Stats

  • This quiz has been taken 45,673 times
    (40,898 since last reset)
  • The average score is 16 of 27

Answer Stats

CityCountry% Correct
LiverpoolUnited Kingdom
99%
OrlandoUnited States
98%
RotterdamNetherlands
91%
PyongyangNorth Korea
91%
GenevaSwitzerland
88%
DjiboutiDjibouti
83%
BrugesBelgium
80%
CorkIreland
77%
BonnGermany
76%
BilbaoSpain
73%
WroclawPoland
70%
Da NangVietnam
69%
DnipropetrovskUkraine
66%
BloemfonteinSouth Africa
59%
WollongongAustralia
55%
SplitCroatia
54%
KandaharAfghanistan
51%
AgraIndia
50%
IncheonSouth Korea
47%
VientianeLaos
46%
RecifeBrazil
44%
Siem ReapCambodia
36%
SurabayaIndonesia
35%
HammerfestNorway
35%
GuayaquilEcuador
26%
KaohsiungTaiwan
22%
San Pedro SulaHonduras
19%

Score Distribution

Percentile by Number Answered

Percent of People with Each Score

Your Score History

You have not taken this quiz since the last reset